Жизнь и деятельность купеческой династии Стахеевых (Запись № 4729145)

Подробности
000 -МАРКЕР
контрольное поле 01338nam0a2200349 i 4500
001 - ИДЕНТИФИКАТОР ЗАПИСИ
контрольное поле RU\NLR\bibl\1971294
005 - ИДЕНТИФИКАТОР ВЕРСИИ
контрольное поле 20260406023748.0
021 ## - НОМЕР ГОСУДАРСТВЕННОЙ РЕГИСТРАЦИИ
Код страны российская федерация
Номер 2012-85889
Номер Листа государственной регистраци 6367
035 ## - ДРУГИЕ СИСТЕМНЫЕ НОМЕРА
Идентификатор записи (nilc)RSL-KNO-005525546
035 ## - ДРУГИЕ СИСТЕМНЫЕ НОМЕРА
Идентификатор записи (NLR Aleph) 002068372
100 ## - ДАННЫЕ ОБЩЕЙ ОБРАБОТКИ
Данные общей обработки 20121114d2011 u y0rusy50 ca
101 0# - ЯЗЫК РЕСУРСА
Язык текста, звукозаписи и т.д. русский
102 ## - СТРАНА ПУБЛИКАЦИИ ИЛИ ПРОИЗВОДСТВА
Страна публикации российская федерация
105 ## - ПОЛЕ КОДИРОВАННЫХ ДАННЫХ: ТЕКСТОВЫЕ МАТЕРИАЛЫ, МОНОГРАФИЧЕСКИЕ
Кодированные данные о монографическом текстовом документе a |||||||||
200 1# - ЗАГЛАВИЕ И СВЕДЕНИЯ ОБ ОТВЕТСТВЕННОСТИ
Основное заглавие Жизнь и деятельность купеческой династии Стахеевых
Первые сведения об ответственности Польских Калерия Владиславовна
210 ## - ПУБЛИКАЦИЯ, РАСПРОСТРАНЕНИЕ И ДР.
Место издания, распространения и т.д. Елабуга
Имя издателя, распространителя и т. д. [б.и.]
Дата издания, распространения и т.д. 2011
215 ## - ФИЗИЧЕСКАЯ ХАРАКТЕРИСТИКА
Специфическое обозначение материала и объем 172 с.
Другие сведения о физической характеристике ил., портр., факс., цв. ил.
Размеры 21
320 ## - ПРИМЕЧАНИЯ О НАЛИЧИИ В ДОКУМЕНТЕ БИБЛИОГРАФИИ / УКАЗАТЕЛЯ
Текст примечания Библиогр.: с. 171 (12 назв.)
602 ## - РОДОВОЕ ИМЯ КАК ПРЕДМЕТ
Начальный элемент ввода Стахеевы (род)
-- 2343389
Идентификатор авторитетной/нормативной записи RU\NLR\auth\661400560
686 ## - ИНДЕКСЫ ДРУГИХ КЛАССИФИКАЦИЙ
Индекс Т214(2Р-6Т-2Елабуга)0-3Стахеевы,0
Код системы
686 ## - ИНДЕКСЫ ДРУГИХ КЛАССИФИКАЦИЙ
Индекс Т214(2)0-3
700 #1 - ИМЯ ЛИЦА - ПЕРВИЧНАЯ ОТВЕТСТВЕННОСТЬ
Начальный элемент ввода Польских
Часть имени, кроме начального элемента ввода К. В.
Расширение инициалов личного имени Калерия Владиславовна
Код отношения Автор
722 ## - РОДОВОЕ ИМЯ - ВТОРИЧНАЯ ОТВЕТСТВЕННОСТЬ
Материалы, к которым относится поле rus
Начальный элемент ввода Стахеевы (купеческий род)
Графика поля Кириллица
Идентификатор авторитетной/нормативной записи RU\NLR\AUTH\77125321
Системный номер авторитетной/нормативной записи 108246
801 #0 - ИСТОЧНИК ЗАПИСИ
Страна российская федерация
Организация RuMoRKP
Дата составления 20121114
Правила каталогизации rcr
801 #1 - ИСТОЧНИК ЗАПИСИ
Страна российская федерация
Организация РГБ
Дата составления 20121114
801 #2 - ИСТОЧНИК ЗАПИСИ
Страна российская федерация
Организация NLR
Дата составления 20121126
Правила каталогизации rcr
942 ## - ДОПОЛНИТЕЛЬНЫЕ ЭЛЕМЕНТЫ ЗАПИСИ (АБИС)
Тип экземпляра АБИС Книга
980 ## - КОЛЛЕКЦИЯ
Название коллекции Издания по генеалогии и истории семей. Часть 2 (после 1917 г.)
980 ## - КОЛЛЕКЦИЯ
Название коллекции НБР

Нет доступных экземпляров.